000
00264nam a2200109Ia 4500
008
230907s9999||||xx |||||||||||||| ||und||
082
_a
621.3,ADV
245
0
_a
Advanced solutions in power systems :
260
_c
2016
300
_a
xxvi,1042 pages ;
942
_c
BK
999
_c
598057
_d
598057